[Event "SERBIA CHESS OPEN 2021 – MASTERS"]
[Site "Belgrade, Hotel Metropol"]
[Date "2021.07.06"]
[Round "6.77"]
[White "Lundin, Jan"]
[Black "Nandhidhaa, P V."]
[Result "1-0"]
[WhiteElo "2114"]
[BlackElo "2365"]
[PlyCount "157"]
[EventDate "2021.??.??"]

1. e4 c5 2. Nc3 Nc6 3. f4 g6 4. Nf3 Bg7 5. d3 d6 6. g3 e6 7. Bg2 Nge7 8. O-O
O-O 9. Rb1 b6 10. Bd2 Bb7 11. a3 Rc8 12. Ne2 f5 13. Bc3 d5 14. Bxg7 Kxg7 15. c3
dxe4 16. Ng5 Qxd3 17. Nxe6+ Kg8 18. Nxf8 Kxf8 19. Qxd3 exd3 20. Nc1 c4 21. b3
Ba6 22. bxc4 Bxc4 23. Rd1 Rd8 24. Rb2 Nd5 25. Bxd5 Rxd5 26. Rbd2 Ra5 27. Nxd3
Rxa3 28. Ne5 Nxe5 29. fxe5 Ke7 30. Rd7+ Ke6 31. Rxh7 Kxe5 32. Re7+ Kf6 33. Re3
g5 34. Rd6+ Kf7 35. Re5 Rxc3 36. Rxf5+ Ke7 37. Rh6 g4 38. Rg5 Be6 39. Rg7+ Kd6
40. Rxa7 Kd5 41. Rg7 Re3 42. Rg5+ Kc4 43. Kf2 Re4 44. Rgg6 Kd5 45. Rg5+ Kc4 46.
Rf6 Kd3 47. Rgg6 Bc4 48. Rxb6 Re2+ 49. Kf1 Kc3 50. Rbc6 Re4+ 51. Rxc4+ Kxc4 52.
Rd6 Kc3 53. Kf2 Kc4 54. Rf6 Kd3 55. Rd6+ Kc4 56. Rd2 Re6 57. Kg2 Kc3 58. Rf2
Kd3 59. h3 gxh3+ 60. Kxh3 Re8 61. Rf4 Ke3 62. Rf5 Rh8+ 63. Kg4 Rg8+ 64. Rg5 Re8
65. Rg6 Ke4 66. Kg5 Kf3 67. g4 Re4 68. Kh5 Kg3 69. Rg7 Re1 70. g5 Re5 71. Kh6
Kg4 72. Rg8 Re1 73. g6 Rh1+ 74. Kg7 Rg1 75. Ra8 Kf5 76. Ra6 Rb1 77. Kh7 Rh1+
78. Kg8 Rh6 79. Kf7 1-0

[Event "SERBIA CHESS OPEN 2021 – MASTERS"]
[Site "Belgrade, Hotel Metropol"]
[Date "2021.07.06"]
[Round "6.78"]
[White "Meissner, Felix"]
[Black "Miszler, Levente"]
[Result "1-0"]
[WhiteElo "2362"]
[BlackElo "2231"]
[PlyCount "37"]
[EventDate "2021.??.??"]

1. e4 e6 2. d4 d5 3. Bd3 c5 4. exd5 exd5 5. Nf3 Nf6 6. O-O Be7 7. dxc5 Bxc5 8.
Re1+ Be7 9. h3 O-O 10. Nbd2 Nc6 11. c3 Re8 12. Nb3 h6 13. Nbd4 Bc5 14. Rxe8+
Qxe8 15. Be3 Bb6 16. Qe2 Bd7 17. Re1 Qf8 18. Qd1 Re8 19. Bc2 1-0

[Event "SERBIA CHESS OPEN 2021 – MASTERS"]
[Site "Belgrade, Hotel Metropol"]
[Date "2021.07.06"]
[Round "6.79"]
[White "Grieve, Harry"]
[Black "Mitev, Valentin"]
[Result "0-1"]
[WhiteElo "2351"]
[BlackElo "2181"]
[PlyCount "92"]
[EventDate "2021.??.??"]

1. e4 c5 2. Nc3 a6 3. Nge2 d6 4. g3 Nc6 5. Bg2 g6 6. O-O Bg7 7. d3 e6 8. Be3
Nd4 9. Qd2 Ne7 10. f4 O-O 11. Rae1 f5 12. Nd1 Rb8 13. c3 Nxe2+ 14. Rxe2 Qc7 15.
exf5 gxf5 16. Bf2 b5 17. h3 b4 18. g4 Qa5 19. c4 Qxa2 20. Ne3 Bb7 21. Bh4 Ng6
22. Bg3 a5 23. gxf5 exf5 24. h4 Ne7 25. h5 Bf6 26. Qe1 Bxg2 27. Rxg2 Kf7 28.
Bh4 Rg8 29. Bxf6 Kxf6 30. Qh4+ Kf7 31. Re1 Rbe8 32. Rxg8 Nxg8 33. h6 Re6 34.
Qh5+ Rg6+ 35. Kf1 Qxb2 36. Qxf5+ Nf6 37. Qc8 Qd4 38. Qc7+ Kf8 39. Qc8+ Ne8 40.
Ng4 Qxf4+ 41. Nf2 Qf7 42. Re2 Rxh6 43. Ke1 a4 44. Ng4 Rh1+ 45. Kd2 Rf1 46. Qa8
a3 0-1

[Event "SERBIA CHESS OPEN 2021 – MASTERS"]
[Site "Belgrade, Hotel Metropol"]
[Date "2021.07.06"]
[Round "6.80"]
[White "Zlatanovic, Boroljub"]
[Black "Zhukov, Anton"]
[Result "1/2-1/2"]
[WhiteElo "2350"]
[BlackElo "2174"]
[PlyCount "88"]
[EventDate "2021.??.??"]

1. c4 Nf6 2. Nc3 g6 3. g3 Bg7 4. Bg2 O-O 5. Nf3 d6 6. O-O e5 7. d3 Nc6 8. Rb1
a5 9. a3 h6 10. b4 axb4 11. axb4 Be6 12. e4 Ne7 13. Nd5 Nd7 14. d4 Bg4 15.
Nxe7+ Qxe7 16. d5 f5 17. Qb3 fxe4 18. Nd2 Be2 19. Re1 Bd3 20. Rb2 Nf6 21. Nxe4
Bxe4 22. Bxe4 Nxe4 23. Rxe4 Ra1 24. Re1 Qf7 25. Rbe2 h5 26. Be3 Rxe1+ 27. Rxe1
Qf3 28. Qd1 Qe4 29. Qb1 Qg4 30. h3 Qxh3 31. Qxg6 Rf6 32. Qe4 Qf5 33. Qxf5 Rxf5
34. Ra1 Rf7 35. Ra7 b6 36. Bg5 e4 37. Ra8+ Kh7 38. Re8 Kg6 39. Be3 Be5 40. c5
bxc5 41. bxc5 Rf5 42. c6 Bf6 43. Rc8 Rxd5 44. Rxc7 Bd4 1/2-1/2

[Event "SERBIA CHESS OPEN 2021 – MASTERS"]
[Site "Belgrade, Hotel Metropol"]
[Date "2021.07.06"]
[Round "6.81"]
[White "Jordanov, Mihail"]
[Black "Kowalski, Igor"]
[Result "0-1"]
[WhiteElo "2082"]
[BlackElo "2349"]
[PlyCount "52"]
[EventDate "2021.??.??"]

1. e4 g6 2. d4 Bg7 3. Nc3 d6 4. Be3 a6 5. a4 Nd7 6. Bc4 e6 7. Nf3 b6 8. O-O h6
9. Qd2 Bb7 10. Ne1 Ne7 11. f3 Nf6 12. Bb3 g5 13. Nd3 Rc8 14. Rad1 d5 15. Ne5 c5
16. f4 g4 17. f5 exf5 18. exd5 Nfxd5 19. Nxd5 Bxd5 20. dxc5 Bxb3 21. Qc3 Bd5
22. Bd4 bxc5 23. Bxc5 O-O 24. Qa3 Bxe5 25. Bxe7 Qb6+ 26. Kh1 Bxg2+ 0-1

[Event "SERBIA CHESS OPEN 2021 – MASTERS"]
[Site "Belgrade, Hotel Metropol"]
[Date "2021.07.06"]
[Round "6.82"]
[White "Zhukova, Natalia"]
[Black "Horvat, Damjan"]
[Result "1/2-1/2"]
[WhiteElo "2336"]
[BlackElo "2167"]
[PlyCount "46"]
[EventDate "2021.??.??"]

1. d4 d5 2. c4 c6 3. Nf3 Nf6 4. Nc3 a6 5. c5 g6 6. g3 Bg7 7. Bg2 O-O 8. O-O
Nbd7 9. Qc2 b6 10. cxb6 Nxb6 11. Na4 Nxa4 12. Qxa4 Bd7 13. Bf4 c5 14. Qa3 cxd4
15. Be5 e6 16. Rfc1 Bb5 17. Nxd4 Rc8 18. e3 Ne4 19. Bxg7 Kxg7 20. Qb4 Qd6 21.
Qa5 Qd8 22. Qe1 Qb6 23. Bxe4 dxe4 1/2-1/2

[Event "SERBIA CHESS OPEN 2021 – MASTERS"]
[Site "Belgrade, Hotel Metropol"]
[Date "2021.07.06"]
[Round "6.83"]
[White "Samadov, Read"]
[Black "Asatryan, Sona"]
[Result "1-0"]
[WhiteElo "2332"]
[BlackElo "2122"]
[PlyCount "87"]
[EventDate "2021.??.??"]

1. d4 Nf6 2. c4 e6 3. Nc3 Bb4 4. f3 c5 5. d5 Bxc3+ 6. bxc3 e5 7. e4 d6 8. Bd3
O-O 9. Ne2 Ne8 10. g4 Qh4+ 11. Ng3 h5 12. g5 f5 13. exf5 Bxf5 14. Bxf5 Rxf5 15.
Qd3 Rf7 16. O-O Nd7 17. Rb1 Nf8 18. Rb2 g6 19. Ne4 Rd8 20. f4 exf4 21. Rbf2 f3
22. Rxf3 Rxf3 23. Rxf3 Rd7 24. Rf4 Qe1+ 25. Rf1 Qh4 26. Qf3 Qg4+ 27. Qxg4 hxg4
28. Bf4 Nh7 29. Kg2 Re7 30. Re1 Kf7 31. Kg3 a6 32. a4 Nf8 33. Kxg4 Nd7 34. a5
b6 35. Kf3 bxa5 36. Ra1 Nb6 37. Rxa5 Nxc4 38. Rxa6 Rd7 39. Ke2 Ke7 40. Kd3 Nc7
41. Nxc5 Nb2+ 42. Kc2 Nxa6 43. Nxd7 Nc4 44. Nf6 1-0

[Event "SERBIA CHESS OPEN 2021 – MASTERS"]
[Site "Belgrade, Hotel Metropol"]
[Date "2021.07.06"]
[Round "6.84"]
[White "O`donnell, Conor"]
[Black "Balabayeva, Xeniya"]
[Result "1-0"]
[WhiteElo "2331"]
[BlackElo "2116"]
[PlyCount "67"]
[EventDate "2021.??.??"]

1. Nf3 d5 2. g3 Nd7 3. Bg2 e6 4. O-O Bd6 5. c4 Ngf6 6. d4 c6 7. Qc2 h6 8. b3
O-O 9. Nc3 Re8 10. Rd1 b6 11. e4 dxe4 12. Nxe4 Nxe4 13. Qxe4 Qc7 14. Bb2 Bb7
15. Ne5 Nxe5 16. dxe5 Be7 17. a3 a5 18. Bc3 Ra7 19. Qe2 Ba6 20. b4 Bb7 21. f4
axb4 22. axb4 Rea8 23. Rxa7 Rxa7 24. Qd2 c5 25. b5 Bxg2 26. Qxg2 Ra3 27. Qc6
Qa7 28. Qe8+ Kh7 29. Be1 Qa4 30. Rc1 Ra1 31. Rxa1 Qxa1 32. Kf1 Qa7 33. Qxf7 Qb7
34. Qxe6 1-0

[Event "SERBIA CHESS OPEN 2021 – MASTERS"]
[Site "Belgrade, Hotel Metropol"]
[Date "2021.07.06"]
[Round "6.85"]
[White "Radovanovic, Jovica"]
[Black "Nurmanova, Alua"]
[Result "1-0"]
[WhiteElo "2326"]
[BlackElo "2093"]
[PlyCount "97"]
[EventDate "2021.??.??"]

1. d4 Nf6 2. c4 g6 3. Nc3 Bg7 4. Nf3 O-O 5. g3 d5 6. cxd5 Nxd5 7. Bg2 Nb6 8.
O-O Nc6 9. e3 a5 10. b3 e5 11. dxe5 Nxe5 12. Nxe5 Bxe5 13. Bb2 Qe7 14. Qc1 Rd8
15. Ne4 c6 16. Bxe5 Qxe5 17. Qc5 Nd5 18. Rad1 Bf5 19. Rd4 Kg7 20. Rfd1 Bg4 21.
Rc1 b6 22. Qc4 Ne7 23. Ng5 Qxg5 24. Rxg4 Qe5 25. Re4 Qf6 26. Rf4 Qe6 27. Qc3+
f6 28. Re4 Qf7 29. Rd4 c5 30. Rd3 Rab8 31. Rcd1 Qf8 32. h4 h5 33. Bf3 Rbc8 34.
Kg2 Nf5 35. Rd7+ Kh8 36. Be4 Rxd7 37. Rxd7 Rd8 38. Qd3 Nd6 39. Rxd8 Qxd8 40.
Bxg6 Qe7 41. Bxh5 b5 42. Bf3 c4 43. bxc4 bxc4 44. Qd4 Qe5 45. Qxe5 fxe5 46. Kf1
e4 47. Be2 Kg7 48. Ke1 Kf6 49. Kd2 1-0

[Event "SERBIA CHESS OPEN 2021 – MASTERS"]
[Site "Belgrade, Hotel Metropol"]
[Date "2021.07.06"]
[Round "6.86"]
[White "Vetokhin, Savva"]
[Black "Kalogridis, Antonios"]
[Result "1-0"]
[WhiteElo "2324"]
[BlackElo "2080"]
[PlyCount "149"]
[EventDate "2021.??.??"]

1. e4 c6 2. d4 d5 3. e5 Bf5 4. Nd2 e6 5. Nb3 a6 6. Nf3 c5 7. dxc5 Bxc5 8. c3
Ba7 9. Be2 Ne7 10. O-O Nbc6 11. Bf4 Bg4 12. Nfd4 Bxe2 13. Qxe2 Nxd4 14. cxd4
Nf5 15. Qd3 O-O 16. Rac1 Qd7 17. g4 Ne7 18. Be3 Rac8 19. Rxc8 Rxc8 20. Rc1
Rxc1+ 21. Nxc1 Qa4 22. a3 Nc6 23. Ne2 Na5 24. Kg2 Qb3 25. Qxb3 Nxb3 26. f4 Kf8
27. Kf3 Ke8 28. f5 Kd7 29. Kf4 Ke7 30. h4 Na5 31. Bd2 Nc6 32. Bb4+ Nxb4 33.
axb4 f6 34. exf6+ Kxf6 35. g5+ Ke7 36. h5 Bb8+ 37. Kg4 e5 38. Nc3 exd4 39.
Nxd5+ Kf7 40. g6+ hxg6 41. hxg6+ Kf8 42. Kf3 Bh2 43. Ke4 Bg1 44. Nf4 Ke7 45.
Ne2 Be3 46. Nxd4 Bc1 47. b3 Bb2 48. Ne6 Kd6 49. Nf4 Ke7 50. Nd5+ Kd7 51. Kd3
Be5 52. f6 Ke6 53. f7 Bd6 54. Ke4 Bf8 55. b5 axb5 56. Nf4+ Kf6 57. Kd5 b4 58.
Ne6 Kxg6 59. Nxf8+ Kxf7 60. Ne6 Kf6 61. Nd8 Kf5 62. Nxb7 g5 63. Kd4 Kf4 64. Nc5
g4 65. Ne4 Kf3 66. Kd3 Kg2 67. Ke3 Kf1 68. Kf4 Ke2 69. Kxg4 Kd3 70. Nc5+ Kd4
71. Na4 Ke4 72. Nc5+ Kd4 73. Nb7 Kd5 74. Kf3 Kd4 75. Ke2 1-0

[Event "SERBIA CHESS OPEN 2021 – MASTERS"]
[Site "Belgrade, Hotel Metropol"]
[Date "2021.07.06"]
[Round "6.87"]
[White "Stamatiou, Rodolfos"]
[Black "Ivanisevic, Ivan"]
[Result "0-1"]
[WhiteElo "2023"]
[BlackElo "2606"]
[PlyCount "66"]
[EventDate "2021.??.??"]

1. c4 e5 2. Nc3 Bb4 3. Nd5 a5 4. Nf3 d6 5. e3 c6 6. Nxb4 axb4 7. d4 Qe7 8. Be2
Nf6 9. O-O c5 10. d5 O-O 11. Qc2 Bg4 12. h3 Bh5 13. Nh4 b3 14. Qd1 Rxa2 15. Rb1
Bxe2 16. Qxe2 Nxd5 17. Qg4 Nc7 18. Nf5 Qf6 19. e4 Ne6 20. Qg3 Nc6 21. Qxb3 Ra7
22. Ne3 Ned4 23. Qd3 Nb4 24. Qd1 Qg6 25. f3 b5 26. Bd2 bxc4 27. Bxb4 cxb4 28.
Nxc4 f5 29. Nd2 Raf7 30. Kh1 fxe4 31. Nxe4 d5 32. Nf2 Nf5 33. Qxd5 Ne3 0-1

[Event "SERBIA CHESS OPEN 2021 – MASTERS"]
[Site "Belgrade, Hotel Metropol"]
[Date "2021.07.06"]
[Round "6.88"]
[White "Spasic, Petar"]
[Black "Nikolovski, Nikola"]
[Result "1-0"]
[WhiteElo "2227"]
[BlackElo "2438"]
[PlyCount "89"]
[EventDate "2021.??.??"]

1. c4 f5 2. Nf3 Nf6 3. g3 d6 4. Bg2 e5 5. d3 Be7 6. Nc3 O-O 7. O-O Qe8 8. e3
Kh8 9. b4 Nc6 10. b5 Nd8 11. a4 Ne6 12. Ba3 g5 13. Nd5 Nxd5 14. cxd5 Ng7 15.
Rc1 Bd8 16. Nd2 f4 17. exf4 exf4 18. Bb2 Kg8 19. g4 b6 20. Bf3 a6 21. Re1 Qf7
22. Qb3 Bd7 23. Qc3 axb5 24. axb5 Bxb5 25. Re6 Ra2 26. Be4 Bf6 27. Rxf6 Qxf6
28. Qxf6 Rxf6 29. Bxf6 Rxd2 30. Rxc7 Ne8 31. Rc8 Bd7 32. Rd8 Bxg4 33. Bxg5 Bh3
34. Bf3 Rxd3 35. Rxe8+ Kf7 36. Bh5+ Kg7 37. Bxf4 Rxd5 38. Be2 b5 39. f3 Rf5 40.
Bxd6 Rg5+ 41. Kf2 Kf7 42. Re7+ Kf6 43. Rxh7 Rg2+ 44. Ke3 Bf5 45. Rh4 1-0

[Event "SERBIA CHESS OPEN 2021 – MASTERS"]
[Site "Belgrade, Hotel Metropol"]
[Date "2021.07.06"]
[Round "6.89"]
[White "Stankovic, Milos"]
[Black "Ravic, Nenad"]
[Result "1-0"]
[WhiteElo "2421"]
[BlackElo "2235"]
[PlyCount "115"]
[EventDate "2021.??.??"]

1. d4 Nf6 2. Nc3 d5 3. Bf4 g6 4. e3 Bg7 5. h4 Bf5 6. Nf3 c6 7. Ne5 h5 8. f3
Nfd7 9. e4 Be6 10. Qd2 Nxe5 11. Bxe5 Bxe5 12. dxe5 dxe4 13. Qxd8+ Kxd8 14. Nxe4
Nd7 15. O-O-O Kc7 16. f4 f6 17. exf6 exf6 18. Be2 Rhe8 19. Bf3 Bd5 20. Rhe1
Bxe4 21. Bxe4 f5 22. Bd3 b5 23. c3 Nf6 24. g3 Rxe1 25. Rxe1 Re8 26. Rxe8 Nxe8
27. c4 a6 28. Kd2 Kd6 29. Kc3 Kc5 30. b4+ Kd6 31. Kd4 Nc7 32. Be2 Ne6+ 33. Kc3
Kd7 34. Bd1 Kd6 35. a4 Nc7 36. a5 Ne6 37. Bb3 Nd8 38. cxb5 cxb5 39. Bg8 Nc6 40.
Bf7 Ne7 41. Kd2 Kd7 42. Kd3 Kd6 43. Kd4 Nc6+ 44. Kc3 Ne7 45. Kd3 Nd5 46. Bxg6
Nxb4+ 47. Kc3 Nc6 48. Bxf5 Nxa5 49. Bg6 Nc4 50. Kd4 a5 51. Bd3 Na3 52. f5 b4
53. g4 hxg4 54. h5 g3 55. Ke3 Ke5 56. h6 Kf6 57. h7 Kg7 58. f6+ 1-0

[Event "SERBIA CHESS OPEN 2021 – MASTERS"]
[Site "Belgrade, Hotel Metropol"]
[Date "2021.07.06"]
[Round "6.90"]
[White "Varshini, V."]
[Black "Bukal, Vladimir Jr"]
[Result "0-1"]
[WhiteElo "2226"]
[BlackElo "2399"]
[PlyCount "62"]
[EventDate "2021.??.??"]

1. e4 c6 2. d4 d5 3. Nc3 dxe4 4. Nxe4 Nf6 5. Nxf6+ exf6 6. Nf3 Bd6 7. Be2 O-O
8. O-O Re8 9. Re1 Bg4 10. Be3 Nd7 11. Nd2 Bxe2 12. Qxe2 Nf8 13. Nf1 Ne6 14. Qf3
Qa5 15. Red1 Rad8 16. c3 f5 17. d5 cxd5 18. Qxf5 g6 19. Qf3 Be5 20. Ng3 d4 21.
cxd4 Nxd4 22. Bxd4 Bxd4 23. Qxb7 h5 24. h4 Qe5 25. Qf3 Rd6 26. Rd2 Rf6 27. Qd3
Bxf2+ 28. Kh2 Rf4 29. Rxf2 Rxf2 30. Rc1 Qxb2 31. Rg1 Qb4 0-1

[Event "SERBIA CHESS OPEN 2021 – MASTERS"]
[Site "Belgrade, Hotel Metropol"]
[Date "2021.07.06"]
[Round "6.91"]
[White "Sharma, Isha"]
[Black "Tadic, Stefan"]
[Result "0-1"]
[WhiteElo "2213"]
[BlackElo "2390"]
[PlyCount "52"]
[EventDate "2021.??.??"]

1. e4 c5 2. Nf3 Nc6 3. d4 cxd4 4. Nxd4 e5 5. Nb5 d6 6. N1c3 a6 7. Na3 b5 8. Nd5
Nge7 9. c4 Nd4 10. cxb5 Nxd5 11. exd5 Bd7 12. Be3 Be7 13. Bxd4 exd4 14. Qxd4
Bf6 15. Qd2 axb5 16. Nxb5 O-O 17. Be2 Qb6 18. Nc3 Rfb8 19. Rb1 Bf5 20. Bd3 Bxc3
21. Qxc3 Re8+ 22. Kd1 Qxf2 23. Rf1 Bg4+ 24. Kc1 Qe3+ 25. Kc2 Rec8 26. Bc4 Qe4+
0-1

[Event "SERBIA CHESS OPEN 2021 – MASTERS"]
[Site "Belgrade, Hotel Metropol"]
[Date "2021.07.06"]
[Round "6.93"]
[White "Rozen, Eytan"]
[Black "Blagojevic, Tijana"]
[Result "1/2-1/2"]
[WhiteElo "2386"]
[BlackElo "2222"]
[PlyCount "110"]
[EventDate "2021.??.??"]

1. e4 e5 2. Nf3 Nc6 3. Bb5 Nf6 4. O-O Nxe4 5. d4 Nd6 6. Ba4 b5 7. Bb3 e4 8. Ne5
Be7 9. Bd5 Bb7 10. Nc3 O-O 11. Nxe4 Nxe4 12. Bxe4 d5 13. Bd3 Bf6 14. Ng4 Bxd4
15. c3 Bb6 16. Bxb5 Qd6 17. Be3 d4 18. cxd4 Nxd4 19. Bxd4 Bxd4 20. Be2 Rad8 21.
Qc2 Rfe8 22. Rad1 Qe6 23. Rxd4 Rxd4 24. Ne3 Qc6 25. Qxc6 Bxc6 26. Rc1 Bd5 27.
Rxc7 Bxa2 28. Rxa7 Be6 29. Rb7 Ra8 30. g4 g6 31. h4 Rd2 32. Bc4 Bxc4 33. Nxc4
Rd4 34. Ne3 Raa4 35. h5 Rdb4 36. Rd7 Kg7 37. Rd6 Ra5 38. Kg2 Rc5 39. Kg3 Rxb2
40. h6+ Kxh6 41. Nf5+ Rxf5 42. gxf5 Kg5 43. Rd7 Rb3+ 44. Kg2 gxf5 45. Rxf7 h5
46. Rg7+ Kf6 47. Rh7 Kg6 48. Rh8 Rb7 49. Kg3 Rh7 50. Rg8+ Rg7 51. Rh8 Kg5 52.
f4+ Kf6+ 53. Kf3 Kg6 54. Kg3 Rh7 55. Rg8+ Rg7 1/2-1/2

[Event "SERBIA CHESS OPEN 2021 – MASTERS"]
[Site "Belgrade, Hotel Metropol"]
[Date "2021.07.06"]
[Round "6.94"]
[White "Toncheva, Nadya"]
[Black "Vucinic, Gojko"]
[Result "0-1"]
[WhiteElo "2201"]
[BlackElo "2366"]
[PlyCount "34"]
[EventDate "2021.??.??"]

1. d4 Nf6 2. c4 g6 3. Nc3 d5 4. Nf3 Bg7 5. Qb3 dxc4 6. Qxc4 O-O 7. e4 b6 8. Bf4
c5 9. O-O-O cxd4 10. Nxd4 Qe8 11. Nd5 e5 12. Nc7 Qe7 13. Nxa8 exf4 14. Ne2 Na6
15. e5 Qxe5 16. Re1 Qb8 17. Nxb6 Qxb6 0-1

[Event "SERBIA CHESS OPEN 2021 – MASTERS"]
[Site "Belgrade, Hotel Metropol"]
[Date "2021.07.06"]
[Round "6.95"]
[White "Mehmed, Elif"]
[Black "Stankovic, Milos M"]
[Result "1-0"]
[WhiteElo "2199"]
[BlackElo "2327"]
[PlyCount "123"]
[EventDate "2021.??.??"]

1. e4 g6 2. d4 Bg7 3. Nf3 d6 4. Bd3 Nd7 5. O-O a6 6. a4 b6 7. c3 Bb7 8. Re1 e6
9. Bg5 Ne7 10. Qd2 h6 11. Be3 g5 12. h3 Ng6 13. Nh2 e5 14. Nf1 Nf6 15. Ng3 O-O
16. Qd1 Bc8 17. Nd2 Nh4 18. Nh5 Be6 19. g3 Ng6 20. Bf1 Qc8 21. Nxf6+ Bxf6 22.
Kh2 Kg7 23. a5 b5 24. d5 Bd7 25. c4 bxc4 26. Nxc4 Be7 27. Rc1 Qb7 28. Rc3 f5
29. exf5 Bxf5 30. Rb3 Qc8 31. Qd2 Rb8 32. Rxb8 Qxb8 33. Na3 Qb7 34. Rc1 Bd7 35.
Rc4 Bd8 36. Rb4 Qa8 37. Qd3 Bc8 38. Qb3 Bd7 39. Rb8 Ba4 40. Qb4 c5 41. dxc6
Qxc6 42. Bg2 d5 43. Qb7+ Ne7 44. Qa7 Qe6 45. Bb6 Qd6 46. Bxd8 Rxd8 47. Rxd8
Qxd8 48. Qxa6 d4 49. Be4 d3 50. Qxd3 Qxa5 51. Qd6 Qa7 52. Qxe5+ Kf7 53. Kg2 Bb3
54. Nb5 Qd7 55. Nd6+ Kg8 56. Nf5 Nxf5 57. Qxf5 Qe7 58. Qg6+ Kf8 59. Qxh6+ Ke8
60. Qc6+ Kf8 61. Qa8+ Kg7 62. Qb7 1-0

[Event "SERBIA CHESS OPEN 2021 – MASTERS"]
[Site "Belgrade, Hotel Metropol"]
[Date "2021.07.06"]
[Round "6.96"]
[White "Efremov, Vladislav"]
[Black "Yordanov, Lachezar"]
[Result "1/2-1/2"]
[WhiteElo "2173"]
[BlackElo "2325"]
[PlyCount "57"]
[EventDate "2021.??.??"]

1. d4 Nf6 2. c4 e6 3. Nf3 b6 4. a3 Bb7 5. Nc3 d5 6. Bg5 Be7 7. e3 O-O 8. Rc1
Nbd7 9. cxd5 exd5 10. Bd3 c6 11. O-O Re8 12. Qc2 Ne4 13. Bxe4 dxe4 14. Nxe4
Bxg5 15. Nexg5 g6 16. e4 h6 17. Nh3 g5 18. Nd2 Qf6 19. e5 Qe6 20. Qb3 c5 21.
Qxe6 Rxe6 22. f4 Rd8 23. Nb3 Bd5 24. Rc3 Bxb3 25. Rxb3 cxd4 26. Rg3 Kh8 27. Rd1
gxf4 28. Nxf4 Ree8 29. Rgd3 1/2-1/2

[Event "SERBIA CHESS OPEN 2021 – MASTERS"]
[Site "Belgrade, Hotel Metropol"]
[Date "2021.07.06"]
[Round "6.97"]
[White "Savicevic, Vlatko"]
[Black "Andrijevic, Milan"]
[Result "1/2-1/2"]
[WhiteElo "2315"]
[BlackElo "2207"]
[PlyCount "49"]
[EventDate "2021.??.??"]

1. e4 c5 2. Nf3 e6 3. Nc3 a6 4. d4 cxd4 5. Nxd4 Qc7 6. g3 Nc6 7. Bg2 Nf6 8. Nb3
d6 9. O-O Be7 10. a4 b6 11. Be3 Rb8 12. f4 O-O 13. Qe2 Re8 14. Rad1 Bf8 15. h3
Nd7 16. Nd4 Nxd4 17. Bxd4 Bb7 18. Be3 Rbc8 19. Rd2 Qc4 20. Rb1 Qxe2 21. Nxe2
Nc5 22. Nc3 Bc6 23. Ra1 Rb8 24. b4 Nd7 25. b5 1/2-1/2

[Event "SERBIA CHESS OPEN 2021 – MASTERS"]
[Site "Belgrade, Hotel Metropol"]
[Date "2021.07.06"]
[Round "6.98"]
[White "Krasteva, Beloslava"]
[Black "Shpanko, Nadiia"]
[Result "0-1"]
[WhiteElo "2305"]
[BlackElo "2203"]
[PlyCount "112"]
[EventDate "2021.??.??"]

1. d4 Nf6 2. c4 e6 3. Nc3 d5 4. cxd5 exd5 5. Bg5 Be7 6. e3 c6 7. Bd3 Nbd7 8.
Qc2 h6 9. Bh4 Nh5 10. Bxe7 Qxe7 11. Nge2 Nb6 12. O-O O-O 13. Rae1 Qg5 14. Nc1
Re8 15. b4 Nc4 16. f4 Qe7 17. Bxc4 dxc4 18. b5 cxb5 19. Nxb5 a6 20. Nc3 b5 21.
e4 Qa7 22. N1e2 Nf6 23. e5 Ng4 24. Rf3 h5 25. h3 Nh6 26. Kh2 Bf5 27. Ne4 Rad8
28. Rd1 Kh8 29. d5 Qa8 30. N2g3 Bh7 31. Nxh5 Rxd5 32. Rxd5 Qxd5 33. Nhg3 f6 34.
Qe2 fxe5 35. Ng5 Bd3 36. Qe1 e4 37. Re3 Qd4 38. N3xe4 Bxe4 39. Rxe4 Rxe4 40.
Nxe4 Nf5 41. Qe2 Kg8 42. Ng3 Qe3 43. Qxe3 Nxe3 44. Kg1 Nd5 45. Ne2 b4 46. Nc1
a5 47. Kf2 a4 48. Ke1 b3 49. axb3 axb3 50. Nxb3 cxb3 51. Kd2 Nxf4 52. Kc3 Nxg2
53. Kxb3 Nf4 54. h4 Ng2 55. h5 Kh7 56. Kc3 Nf4 0-1

[Event "SERBIA CHESS OPEN 2021 – MASTERS"]
[Site "Belgrade, Hotel Metropol"]
[Date "2021.07.06"]
[Round "6.99"]
[White "Kukelko, Alexey"]
[Black "Rakshitta, Ravi"]
[Result "1-0"]
[WhiteElo "2304"]
[BlackElo "2190"]
[PlyCount "111"]
[EventDate "2021.??.??"]

1. e4 e5 2. Nf3 Nc6 3. d4 exd4 4. Nxd4 Nf6 5. Nxc6 bxc6 6. e5 Qe7 7. Qe2 Nd5 8.
h4 a5 9. Nd2 Ba6 10. c4 Nb6 11. h5 h6 12. Rh3 Qe6 13. b3 a4 14. Rg3 Bb4 15. Bb2
O-O-O 16. O-O-O d5 17. exd6 Qxd6 18. Qg4+ Kb8 19. Rd3 Qe7 20. Re3 Qc5 21. Ne4
Qa5 22. Rxd8+ Rxd8 23. Qh4 Re8 24. Kc2 Nd7 25. Nc5 Nxc5 26. Rxe8+ Ka7 27. Qd4
axb3+ 28. axb3 Qa2 29. Re3 Bc8 30. g4 f5 31. Bh3 f4 32. Qxf4 Kb7 33. Qd4 Ba3
34. Qxg7 Na6 35. Re2 Nb4+ 36. Kc3 Bxb2+ 37. Rxb2 Qa1 38. Kxb4 Qe1+ 39. Kc5 Qa1
40. Kb4 Qe1+ 41. Kc5 Qa1 42. Qxh6 Qa3+ 43. Kd4 Qxb2+ 44. Ke4 Qxf2 45. Qe3 Qc2+
46. Kf4 Qd1 47. h6 Qd6+ 48. Kg5 Be6 49. Qf4 Qd3 50. Bg2 Qd8+ 51. Qf6 Qd2+ 52.
Kg6 Qd3+ 53. Kh5 Qd7 54. g5 Qd6 55. h7 Qd1+ 56. Bf3 1-0

[Event "SERBIA CHESS OPEN 2021 – MASTERS"]
[Site "Belgrade, Hotel Metropol"]
[Date "2021.07.06"]
[Round "6.100"]
[White "Ufimtsev, Egor"]
[Black "Ristic, Luka"]
[Result "1-0"]
[WhiteElo "2168"]
[BlackElo "2300"]
[PlyCount "127"]
[EventDate "2021.??.??"]

1. c4 Nf6 2. Nc3 c5 3. Nf3 Nc6 4. d4 cxd4 5. Nxd4 g6 6. g3 Bg7 7. Bg2 O-O 8.
O-O Qa5 9. Nb3 Qh5 10. c5 b6 11. cxb6 axb6 12. e4 Ng4 13. h3 Nge5 14. f4 Qxd1
15. Rxd1 Nc4 16. Bf1 Bxc3 17. bxc3 Ra4 18. Nd4 Bb7 19. Rb1 N6a5 20. Rb4 Rxa2
21. Bxc4 Nxc4 22. Rxc4 Bxe4 23. Rd2 Rfa8 24. Bb2 d5 25. Rc7 R2a7 26. Nb5 Ra5
27. c4 dxc4 28. Rxc4 Rxb5 29. Rxe4 Kf8 30. Bc3 Rc8 31. Bb4 Kg7 32. Bxe7 Rb3 33.
Kh2 Rcc3 34. Rg2 Rd3 35. Rb4 Rxb4 36. Bxb4 Rb3 37. Bd6 f6 38. Rc2 b5 39. Rc7+
Kg8 40. h4 h5 41. f5 gxf5 42. Rc5 Kf7 43. Bf4 Kg6 44. Rc6 Kg7 45. Rb6 Rb2+ 46.
Kh3 Kf7 47. Be3 Rb4 48. Bc5 Re4 49. Bd6 Rd4 50. Ba3 Rd2 51. Rxb5 Rf2 52. Bc1
Kg6 53. Rb6 f4 54. Bxf4 Kg7 55. Rb4 Rf3 56. Re4 Kg6 57. Be3 Rf1 58. Rf4 Re1 59.
Bd4 Re6 60. g4 hxg4+ 61. Kxg4 Ra6 62. h5+ Kg7 63. Rxf6 Ra4 64. Rf4+ 1-0

[Event "SERBIA CHESS OPEN 2021 – MASTERS"]
[Site "Belgrade, Hotel Metropol"]
[Date "2021.07.06"]
[Round "6.101"]
[White "De Boer, Bas"]
[Black "Klasan, Vladimir"]
[Result "1-0"]
[WhiteElo "2143"]
[BlackElo "2297"]
[PlyCount "81"]
[EventDate "2021.??.??"]

1. Nf3 Nf6 2. c4 g6 3. Nc3 Bg7 4. g3 O-O 5. Bg2 d5 6. cxd5 Nxd5 7. O-O Nb6 8.
d4 Nc6 9. e3 e5 10. d5 Na5 11. Nd2 Nac4 12. Nxc4 Nxc4 13. b3 Nd6 14. Ba3 Re8
15. Rc1 Bd7 16. Qd2 f5 17. Rc2 Rc8 18. Rfc1 e4 19. Ne2 Nf7 20. Nd4 Ne5 21. Bf1
a6 22. Bb2 Bb5 23. Bxb5 axb5 24. Qa5 Nd3 25. Rxc7 Rxc7 26. Rxc7 Be5 27. d6 Nxb2
28. Qxb5 Bxd6 29. Rd7 Qf6 30. Qd5+ Kh8 31. Rxd6 Re5 32. Rd8+ Kg7 33. Qxb7+ Re7
34. Rd7 Rxd7 35. Qxd7+ Kh6 36. Qe6 Qf8 37. a4 Nd3 38. h4 Qc5 39. Qf6 Qa5 40. b4
Nxb4 41. Ne6 1-0

[Event "SERBIA CHESS OPEN 2021 – MASTERS"]
[Site "Belgrade, Hotel Metropol"]
[Date "2021.07.06"]
[Round "6.102"]
[White "Petrovic, Aleksa"]
[Black "Sredojevic, Ivan"]
[Result "0-1"]
[WhiteElo "2142"]
[BlackElo "2284"]
[PlyCount "76"]
[EventDate "2021.??.??"]

1. e4 c5 2. Nf3 d6 3. d4 cxd4 4. Nxd4 Nf6 5. Nc3 a6 6. Be3 e5 7. Nf3 Qc7 8. Be2
Be6 9. Nd2 Nbd7 10. g4 h6 11. h4 b5 12. a3 Rc8 13. Bf3 g6 14. Qe2 Nb6 15. O-O-O
h5 16. g5 Nfd7 17. Bxb6 Nxb6 18. Nf1 Bc4 19. Qd2 Bxf1 20. Rhxf1 Nc4 21. Nd5
Nxd2 22. Nxc7+ Rxc7 23. Rxd2 f6 24. Kb1 fxg5 25. hxg5 Be7 26. c3 Rf8 27. Bd1
Rf4 28. a4 Kd7 29. axb5 axb5 30. Be2 b4 31. cxb4 Rxe4 32. Bd3 Rxb4 33. Bxg6
Bxg5 34. Rd5 Rcb7 35. Bxh5 Rxb2+ 36. Ka1 R2b6 37. Ra5 Bd2 38. Ra3 Bc3+ 0-1